Political dynamics and crisis in Punjab (Record no. 510114)

MARC details
000 -LEADER
fixed length control field 00799nam a2200253Ia 4500
003 - CONTROL NUMBER IDENTIFIER
control field OSt
005 - DATE AND TIME OF LATEST TRANSACTION
control field 20220925185200.0
008 - FIXED-LENGTH DATA ELEMENTS--GENERAL INFORMATION
fixed length control field 220923b |||||||| |||| 00| 0 eng d
037 ## - SOURCE OF ACQUISITION
Terms of availability General Book
040 ## - CATALOGING SOURCE
Original cataloging agency RTL
Transcribing agency RTL
Language of cataloging eng
041 ## - LANGUAGE CODE
Source of code eng
Language code of text/sound track or separate title eng
100 ## - MAIN ENTRY--PERSONAL NAME
Personal name Wallace Paul
9 (RLIN) 233321
245 #0 - TITLE STATEMENT
Title Political dynamics and crisis in Punjab
260 ## - PUBLICATION, DISTRIBUTION, ETC.
Place of publication, distribution, etc. Amritsar
Name of publisher, distributor, etc. Guru Nanak Dev University
Date of publication, distribution, etc. 1988
300 ## - PHYSICAL DESCRIPTION
Extent vi,551p
Dimensions cm.
490 ## - SERIES STATEMENT
Series statement Guru Nanak Dev University, Political Science (Deptt of-), Publication
650 ## - SUBJECT ADDED ENTRY--TOPICAL TERM
Topical term or geographic name entry element Political Sociology
700 ## - ADDED ENTRY--PERSONAL NAME
Personal name Chopra Surendra Ed.
9 (RLIN) 44378
942 ## - ADDED ENTRY ELEMENTS (KOHA)
Classification part Y9(W).243.N8, M8
Koha item type General Books
Source of classification or shelving scheme Colon Classification (CC)

No items available.

Copyright @ Delhi University Library System